00852nam a2200253 4500003000400000005001700004008004100021020001500062040001800077050002200095100002800117245005200145264003300197300003400230336002200264337002400286338002400310500011000334500005300444650005600497650001600553942001200569999001700581OSt20260530115258.0260421b1988 xxu |||| |||| 00| 0 eng d a0465067107 aICIbspacICI aTS171.4bN67 20021 aDonald A. Norman93074110aThe Design of everyday thingscDonald A. Norman 1bBasic Booksc1988a New York a257 páginasb ilustraciones atexto2rdacontent asin medio2rdamedia avolumen2rdacarrier a Publicado de la reimpresión original: The psychology of everyday things. New York : Basic Books, c1988 aWith a new introduction by the author"--Cubierta 4aDiseño industrialxAspectos psicológicos930742 4aErgonomía 2ddccBK c12691d12691